| 000 | 00654nam a2200217Ia 4500 | ||
|---|---|---|---|
| 999 |
_c36011 _d36011 |
||
| 001 | 1910 | ||
| 003 | GE_BSU | ||
| 005 | 20221010154428.0 | ||
| 008 | 181216s2006ru xx |||||||||||||| ||rus|| | ||
| 020 | _a5835403291 | ||
| 040 | _cGE_BSU | ||
| 041 | _arus | ||
| 080 | _a347.9 В-21 | ||
| 245 |
_aСудебные речи : _bРоссийская Академия правосдия. |
||
| 264 |
_aМосква : _bСтатут, _c2006. |
||
| 300 |
_a270 с.: _b21 см. |
||
| 653 | _aСудебные речи | ||
| 653 | _aსასამართლო გამოსვლები | ||
| 653 | _aსამართალი | ||
| 942 |
_cBK _2udc |
||